| 000 | 00773nam a22002177i 4500 | ||
|---|---|---|---|
| 999 |
_c23307 _d23307 |
||
| 003 | AR-CdUCM | ||
| 008 | 250710b19651965 ag||||| |||| 00| 0 spa d | ||
| 040 |
_aMUNICIPALIDAD PROVINCIAL DEL CUSCO _cBIBLIOTECA MUNICIPAL DEL CUSCO |
||
| 041 | _hspa | ||
| 082 |
_a747 / C 74 / vol. V _bC 74 / vol. V |
||
| 110 |
_aEditorial Codex S.A. _951191 |
||
| 245 | _aDecoralía / | ||
| 260 |
_aBuenos Aires : _bEditorial Codex S.A. _c1965 |
||
| 300 |
_a140 páginas. : _bIlustraciones _c30x25 cm. |
||
| 505 | _aDecoración en iluminación -- Magia para ventanas -- Decoración para cocinas -- Las paredes se mueven | ||
| 650 |
_aDecoración _915648 |
||
| 650 |
_aDecoración de casas _951194 |
||
| 650 |
_aCasa de solteros _951195 |
||
| 942 |
_2ddc _cLIBROS |
||
| 945 |
_apbjr _d10-07-2025 |
||